000 01774nam a2200265 a 4500
001 80680
003 BD-RjUL
005 20230112143829.0
008 221101s2000 bg a|||| m||| 00| 0 ben d
035 _a(BD-RjUL)80680
040 _aBD-RjUL
_bben/eng
_cBD-RjUL
_dBD-RjUL
041 _aben
082 _223
_a305.906914
_bRAR 2000
100 _aরহমান, মো: মাহফুজুর
245 _aরোহিঙ্গা সমস্যা :
_b বাংলাদেশের দৃষ্টিভংগী, ১৯৭৮-১৯৯৪ /
_cমো: মাহফুজুর রহমান
_6গবেষণা তত্ত্বাবধায়ক : মোহাম্মদ মুহিবউল্যাহ ছিদ্দিকী
246 _aThe Rohingya Problem:
_bBangladesh's Perspective, 1978-1994 /
260 _aরাজশাহী :
_bইসলামের ইতিহাস ও সংস্কৃতি বিভাগ, রাজশাহী বিশ্ববিদ্যালয়,
_c২০০০
300 _a[২], xiii, ২৮৪ পাতা :
_bচিত্র.;
_c২৯ সেমি.
502 _aথিসিস (এম.ফিল.) -- ইসলামের ইতিহাস ও সংস্কৃতি বিভাগ, রাজশাহী বিশ্ববিদ্যালয়,২০০০
504 _aগ্রন্থপঞ্জি : পাতা ২৩৯-২৬১
650 _aরোহিঙ্গা
_xসমস্যা
_zবাংলাদেশ
_95628
650 _a Rohingya
_xProblem
_y1978-1994
_zBangladesh
_95629
700 _aছিদ্দিকী, মোহাম্মদ মুহিবউল্যাহ, গবেষণা তত্ত্বাবধায়ক
_95630
942 _2ddc
_cTHE
999 _c80680
_d80680